000 01114nas a2200325 4500
001 BR0200621
003 BR-BrBNA
005 20231205102729.0
007 ta
008 230509b bl.|||p| |||| 00| 00por d
040 _aBR-BrBNA
_bpor
_cBiblioteca Nacional de Agricultura
041 _a(Pt)
072 _aL01; L53
100 1 _aPinheiro, J.H.T.
100 1 _aDiógenes, B.O.P.
100 1 _aMonteiro, A.W.U.
100 1 _aNunes, J.F.
100 1 _aCampos, A.C.N.
111 1 _a14. Congresso Brasileiro de Reprodução Animal
_cBelo Horizonte, MG (Brazil)
_d1-5 Aug 2001
245 1 _afertilidade de fêmeas ovinas deslanadas inseminadas artificialmente quanto ao local de deposição do sêmen no aparelho reprodutor
650 _aOVINO
650 _aFERTILIDADE
650 _aINSEMINAÇÃO ARTIFICIAL
650 _aSÊMEN
650 _aSINCRONIZAÇÃO DO CIO
650 _aHORMÔNIO ANIMAL
773 0 _tRevista Brasileira de Reprodução Animal (Brazil)
_xISSN 0102-0803
_g(Jul-Sep 2001), v. 25(3) p. 336-338
_wBR0200621
909 _a202311
_bLúcia
_c55
_dLúcia Elande
942 _2AGRIS
_n0
_cANA
999 _c169037
_d169037